Pred šesťdesiatimi rokmi Nemci vypálili chatu na Kláštorisku, v ktorej sa skrývali utečenci

Bibliographic Details
Main Author: Lučivjanský, Peter (Author)
Format: Article
Language:Slovak
PhysicalDescription:Fotogr.
ISSN:1335-759X
Subjects:

MARC

LEADER 00000nab a2200000 ar4500
001 vtls008425632
003 SK-MaSNL
005 20260303065929.0
008 180405c20041012xo mr|p|||||||000 b|slo
038 |a SNSK 
040 |a SNSK  |b slo  |c SNSK  |e AACR2 
041 0 |a slo 
044 |a xo  |c SK 
080 |a 943.767.8  |x "1939/1945"  |2 UDC-MRF-SK2 
100 1 |a Lučivjanský, Peter  |4 aut  |9 1066651 
245 1 0 |a Pred šesťdesiatimi rokmi Nemci vypálili chatu na Kláštorisku, v ktorej sa skrývali utečenci  |c Peter Lučivjanský 
300 |b Fotogr. 
650 0 7 |a druhá svetová vojna (1939-1945)  |2 snsk  |9 169657 
651 7 |a Kláštorisko (Slovensko : turistická oblasť)  |2 snsk  |9 195431 
773 0 |t Spišský denník Korzár  |g Roč. VI., č. 236 (12.10.2004 )  |x 1335-759X 
773 0 8 |t Príloha Spiš  |g (12.10.2004), s. 2 
852 |a SNSK  |b KIS3GCP 
999 |c 1753300  |d 1755230